Statistics for NFL First Round Draft Picks: 2020s

Click here to take the quiz!

General Stats

  • This quiz has been taken 219 times
    (55 since last reset)
  • The average score is 121 of 159

Answer Stats

Answer% Correct
Joe Burrow
100%
Andrew Thomas
96%
Brandon Aiyuk
96%
Brian Thomas Jr.
96%
Bryce Young
96%
CeeDee Lamb
96%
Chase Young
96%
Jordan Love
96%
Justin Jefferson
96%
Aidan Hutchinson
92%
Bijan Robinson
92%
Bo Nix
92%
Brock Bowers
92%
Caleb Williams
92%
Chris Olave
92%
C.J. Stroud
92%
Clyde Edwards-Helaire
92%
Dalton Kincaid
92%
Drake London
92%
Garrett Wilson
92%
Isaiah Wilson
92%
Jahmyr Gibbs
92%
Jalen Carter
92%
Ja'Marr Chase
92%
Jameson Williams
92%
Jaxon Smith-Njigba
92%
Jayden Daniels
92%
Jaylen Waddle
92%
Jedrick Wills
92%
J.J. McCarthy
92%
Joe Alt
92%
Jordan Addison
92%
Justin Fields
92%
Justin Herbert
92%
Kenny Pickett
92%
Kyle Pitts
92%
Mac Jones
92%
Malik Nabers
92%
Marvin Harrison Jr.
92%
Micah Parsons
92%
Michael Penix Jr.
92%
Najee Harris
92%
Penei Sewell
92%
Sauce Gardner
92%
Travis Etienne
92%
Trevor Lawrence
92%
Trey Lance
92%
Tua Tagovailoa
92%
Zach Wilson
92%
Zay Flowers
92%
Anthony Richardson
88%
Anton Harrison
88%
Broderick Jones
88%
Chop Robinson
88%
Darius Robinson
88%
Derek Stingley Jr.
88%
Derrick Brown
88%
DeVonta Smith
88%
Devon Witherspoon
88%
Drake Maye
88%
Jahan Dotson
88%
Jalen Reagor
88%
Jerry Jeudy
88%
Mazi Smith
88%
Patrick Queen
88%
Quentin Johnston
88%
Rome Odunze
88%
Travon Walker
88%
Tyler Smith
88%
Tyree Wilson
88%
Xavier Worthy
88%
A.J. Terrell
84%
Jaycee Horn
84%
Kyle Hamilton
84%
Nolan Smith
84%
Patrick Surtain II
84%
Quay Walker
84%
Rashod Bateman
84%
Treylon Burks
84%
Tristan Wirfs
84%
Will Anderson Jr.
84%
Henry Ruggs
80%
Isaiah Simmons
80%
Jeff Okudah
80%
Jermaine Johnson II
80%
Kadarius Toney
80%
Mekhi Becton
80%
Byron Murphy II
76%
Christian Gonzalez
76%
Kayvon Thibodeaux
76%
Myles Murphy
76%
Nate Wiggins
76%
Paris Johnson Jr.
76%
Zion Johnson
76%
Alijah Vera-Tucker
72%
Dallas Turner
72%
Evan Neal
72%
Rashawn Slater
72%
Terrion Arnold
72%
Trent McDuffie
72%
Charles Cross
68%
Jared Verse
68%
JC Latham
68%
Jordan Davis
68%
Olu Fashanu
68%
Payton Turner
68%
Quinyon Mitchell
68%
Ricky Pearsall
68%
Xavier Legette
68%
Alex Leatherwood
64%
Cesar Ruiz
64%
C.J. Henderson
64%
Cole Strange
64%
George Karlaftis
64%
Jamin Davis
64%
Javon Kinlaw
64%
Laiatu Latu
64%
Taliese Fuaga
64%
Tyler Linderbaum
64%
Amarius Mims
60%
Emmanuel Forbes
60%
Greg Newsome II
60%
Ikem Ekwonu
60%
Jaelan Phillips
60%
Kaiir Elam
60%
Kenneth Murray
60%
K'Lavon Chaisson
60%
Lukas Van Ness
60%
Peter Skoronski
60%
Tyler Guyton
60%
Bryan Bresee
56%
Caleb Farley
56%
Christian Darrisaw
56%
Damon Arnette
56%
Deonte Banks
56%
Jordan Morgan
56%
Jordyn Brooks
56%
Kwity Paye
56%
Odafe Oweh
56%
Will McDonald IV
56%
Calijah Kancey
52%
Darnell Wright
52%
Jack Campbell
52%
Lewis Cine
52%
Troy Fautanu
52%
Austin Jackson
48%
Daxton Hill
48%
Jeff Gladney
48%
Zaven Collins
48%
Eric Stokes
44%
Graham Barton
44%
Gregory Rousseau
44%
Kenyon Green
44%
Trevor Penning
44%
Joe Tryon-Shoyinka
40%
Noah Igbinoghene
40%
Devin Lloyd
36%
Devonte Wyatt
36%
Felix Anudike-Uzomah
28%

Score Distribution

Percentile by Number Answered

Percent of People with Each Score

Your Score History

You have not taken this quiz since the last reset